<The> Saving Ration in a Computer Simulation of the Life Cycle Model
Salvato in:
| Autore principale: | |
|---|---|
| Natura: | Libro |
| Lingua: | inglese |
| Pubblicazione: |
Wien
Institut für Höhere Studien
1992
|
| Edizione: | 1. ed. |
| Serie: | Research Memorandum
No. 294 |
| Soggetti: | |
| Tags: |
Nessun Tag, puoi essere il primo ad aggiungerne!!
|
MARC
| LEADER | 00000nam a2200000 4500 | ||
|---|---|---|---|
| 001 | c005561 | ||
| 005 | 20221214090526.0 | ||
| 041 | 0 | |a eng | |
| 044 | |a AT | ||
| 245 | 1 | 0 | |a <The> Saving Ration in a Computer Simulation of the Life Cycle Model |c Martin Husz |
| 250 | |a 1. ed. | ||
| 264 | 1 | |a Wien |b Institut für Höhere Studien |c 1992 | |
| 300 | |a 17 s. | ||
| 490 | 1 | |a Research Memorandum |v No. 294 | |
| 830 | 0 | |a Research Memorandum |v No. 294 | |
| 610 | 2 | 0 | |a modelovanie matematické |
| 610 | 2 | 0 | |a algoritmy |
| 610 | 2 | 0 | |a programovanie matematické |
| 610 | 2 | 0 | |a produkcia |
| 610 | 2 | 0 | |a práca |
| 610 | 2 | 0 | |a domácnosti |
| 610 | 2 | 0 | |a hospodárnosť |
| 610 | 2 | 0 | |a spotreba |
| 610 | 2 | 0 | |a modely |
| 100 | 1 | |a Husz, Martin | |